[Event "LTU-chT"]
[Site "Lithuania"]
[Date "2019.04.28"]
[Round "7.9"]
[White "Rauduve, Algirdas"]
[Black "Vizinis, Jonas"]
[Result "1-0"]
[WhiteElo "1643"]
[BlackElo "1263"]
[PlyCount "41"]
[EventDate "2019.01.26"]
[EventType "team-swiss"]
[EventRounds "7"]
[EventCountry "LTU"]
[SourceTitle "CBM 190 Extra"]
[Source "ChessBase"]
[SourceDate "2019.07.15"]
[SourceVersion "1"]
[SourceVersionDate "2019.07.15"]
[SourceQuality "1"]
[WhiteTeam "Kaunas Margiris III"]
[BlackTeam "Kaunas Ezerelio II"]
[WhiteTeamCountry "LTU"]
[BlackTeamCountry "LTU"]

1. e4 e6 2. d4 d5 3. Nd2 Nf6 4. e5 Nfd7 5. Bd3 c5 6. c3 Qb6 7. Ne2 Nc6 8. Nf3 Be7 9. 0-0 f6 10. exf6 Nxf6 11. dxc5 Bxc5 12. b4 Be7 13. Re1 e5 14. Bc2 Ng4 15. Rf1 Be6 16. h3 Nf6 17. Ng5 Bd7 18. Be3 Qc7 19. Ng3 e4 20. Nh5 Ne5 21. Nxg7+ 1-0

[Event "LTU-chT"]
[Site "Lithuania"]
[Date "2019.03.31"]
[Round "5.4"]
[White "Bubnys, Robertas"]
[Black "Rauduve, Algirdas"]
[Result "1-0"]
[WhiteElo "1725"]
[BlackElo "1643"]
[PlyCount "62"]
[EventDate "2019.01.26"]
[EventType "team-swiss"]
[EventRounds "7"]
[EventCountry "LTU"]
[SourceTitle "CBM 189 Extra"]
[Source "ChessBase"]
[SourceDate "2019.06.03"]
[SourceVersion "1"]
[SourceVersionDate "2019.06.03"]
[SourceQuality "1"]
[WhiteTeam "Marijampole Suduva"]
[BlackTeam "Kaunas Margiris III"]
[WhiteTeamCountry "LTU"]
[BlackTeamCountry "LTU"]

1. e4 c5 2. Nf3 d6 3. d4 cxd4 4. Nxd4 Nf6 5. Nc3 g6 6. f3 Bg7 7. Be3 0-0 8. Qd2 Nc6 9. 0-0-0 Bd7 10. g4 Rc8 11. h4 Nxd4 12. Bxd4 Qa5 13. Kb1 b5 14. Nd5 Qd8 15. Nxf6+ Bxf6 16. Bxf6 exf6 17. Qxd6 Bc6 18. Be2 Kg7 19. Qf4 Qc7 20. Qc1 h6 21. Bd3 a6 22. f4 Rfe8 23. Rde1 Rcd8 24. Rhg1 Rd4 25. Qe3 Qd8 26. g5 fxg5 27. fxg5 h5 28. Qf3 Re5 29. Re2 Rexe4 30. Rxe4 Bxe4 31. Bxe4 Rd1+ 1-0

[Event "LTU-chT"]
[Site "Lithuania"]
[Date "2017.03.18"]
[Round "6.10"]
[White "Rauduve, Algirdas"]
[Black "Scekaciov, Rostislav"]
[Result "1-0"]
[WhiteElo "1634"]
[BlackElo "1211"]
[PlyCount "65"]
[EventDate "2017.01.28"]
[EventType "team-swiss"]
[EventRounds "7"]
[EventCountry "LTU"]
[SourceTitle "EXT 2018"]
[Source "ChessBase"]
[SourceDate "2017.10.13"]
[SourceVersion "1"]
[SourceVersionDate "2017.10.13"]
[SourceQuality "1"]
[WhiteTeam "Kaunas LSM"]
[BlackTeam "Klaipeda II"]
[WhiteTeamCountry "LTU"]
[BlackTeamCountry "LTU"]

1. e4 d6 2. d4 Nf6 3. Nc3 g6 4. Be3 Bg7 5. f4 0-0 6. Nf3 c6 7. h3 d5 8. Bd3 dxe4 9. Nxe4 Nxe4 10. Bxe4 f5 11. Bd3 Nd7 12. Bc4+ Kh8 13. Ng5 Nf6 14. Nf7+ Rxf7 15. Bxf7 e6 16. Qf3 Qe7 17. Bxg6 hxg6 18. 0-0-0 Ne4 19. g4 Bd7 20. h4 fxg4 21. Qxe4 Qf6 22. Rdg1 Rb8 23. Rxg4 Be8 24. c3 c5 25. Rhg1 c4 26. Bf2 Bh6 27. Be3 Bf7 28. Rxg6 Bxg6 29. Rxg6 Qf8 30. Rxe6 Qg7 31. d5 b5 32. Bd4 b4 33. Rxh6+ 1-0

[Event "LTU-chT"]
[Site "Lithuania"]
[Date "2017.02.19"]
[Round "5.8"]
[White "Rauduve, Algirdas"]
[Black "Perminaite, Guoda"]
[Result "1/2-1/2"]
[WhiteElo "1634"]
[BlackElo "1814"]
[PlyCount "64"]
[EventDate "2017.01.28"]
[EventType "team-swiss"]
[EventRounds "7"]
[EventCountry "LTU"]
[SourceTitle "CBM 176 Extra"]
[Source "ChessBase"]
[SourceDate "2017.03.02"]
[SourceVersion "1"]
[SourceVersionDate "2017.03.02"]
[SourceQuality "1"]
[WhiteTeam "Kaunas LSM"]
[BlackTeam "Kaunas Margiris II"]
[WhiteTeamCountry "LTU"]
[BlackTeamCountry "LTU"]

1. e4 e5 2. Nf3 Nc6 3. Bb5 a6 4. Ba4 d6 5. 0-0 Bd7 6. c3 Nge7 7. d4 Ng6 8. Re1 Be7 9. Nbd2 h6 10. Nf1 0-0 11. Ne3 Nh4 12. d5 Nb8 13. Bxd7 Nxd7 14. Nxh4 Bxh4 15. Nf5 Bg5 16. Bxg5 Qxg5 17. Re3 Qf6 18. Rg3 Kh8 19. Rxg7 Rg8 20. Rxg8+ Rxg8 21. Qh5 Rg6 22. Re1 Qg5 23. Qxg5 hxg5 24. Re3 g4 25. h3 Kh7 26. Rg3 Nf6 27. hxg4 Rxg4 28. Rxg4 Nxg4 29. f3 Nf6 30. Kf2 Kg6 31. g4 Kg5 32. Ke3 Nxd5+ 1/2-1/2

[Event "WchT Amateur"]
[Site "Kaunas"]
[Date "2016.11.24"]
[Round "5.2"]
[White "Rauduve, Algirdas"]
[Black "Butvilas, Aistis"]
[Result "0-1"]
[WhiteElo "1636"]
[BlackElo "1772"]
[PlyCount "74"]
[EventDate "2016.11.20"]
[EventType "team-swiss"]
[EventRounds "9"]
[EventCountry "LTU"]
[SourceTitle "CBM 175 Extra"]
[Source "ChessBase"]
[SourceDate "2016.12.12"]
[SourceVersion "1"]
[SourceVersionDate "2016.12.12"]
[SourceQuality "1"]
[WhiteTeam "Lithuania VDU II"]
[BlackTeam "Lithuania Standartas"]
[WhiteTeamCountry "LTU"]
[BlackTeamCountry "LTU"]

1. e4 c6 2. d4 d5 3. Nd2 dxe4 4. Nxe4 Bf5 5. Ng3 Bg6 6. h4 h6 7. Nf3 Nd7 8. h5 Bh7 9. Bd3 Bxd3 10. Qxd3 e6 11. Bf4 Qa5+ 12. Bd2 Qc7 13. Qe2 Ngf6 14. Ne5 Bd6 15. f4 c5 16. Bc3 Nd5 17. Ne4 Nxc3 18. bxc3 a6 19. Rd1 Be7 20. Nxd7 Qxd7 21. dxc5 Qc7 22. Nd6+ Bxd6 23. cxd6 Qxc3+ 24. Rd2 0-0 25. 0-0 Qc5+ 26. Kh1 Rfd8 27. d7 Qe7 28. Rfd1 Qh4+ 29. Kg1 Qxf4 30. Rd4 Qf6 31. Qd3 b5 32. Rf1 Qe5 33. Qd1 Ra7 34. Rf2 Qc5 35. Qd3 Rc7 36. Rxf7 Kxf7 37. Qg6+ Kf8 0-1